LEADER 01020cam0-22003251i-450- 001 990005472230403321 005 20071023143237.0 035 $a000547223 035 $aFED01000547223 035 $a(Aleph)000547223FED01 035 $a000547223 100 $a19990604d1955----km-y0itay50------ba 101 0 $afre 102 $aFR 105 $af-------001yy 200 1 $a<>famille de marchands, les Ruiz$econtribution à l'étude du commerce entre la France et l'Espagne au temps de Philippe II$fHenri Lapeyre 210 $aParis$cA. Colin$d1955 215 $a671 p., 7 tav.$d25 cm 225 1 $aBibliothèque de l'École des hautes études hispaniques$v26 676 $a929.2 700 1$aLapeyre,$bHenri$0211697 801 0$aIT$bUNINA$gRICA$2UNIMARC 901 $aBK 912 $a990005472230403321 952 $a929.2 LAP 1$bST.MED.MOD. 1520$fFLFBC 952 $aCOLLEZ. 853 (8)$b27609$fFSPBC 959 $aFLFBC 959 $aFSPBC 996 $aFamille de marchands, les Ruiz$9587918 997 $aUNINA LEADER 01609nam--2200469---450- 001 990001132570203316 005 20091013134936.0 010 $a88-555-2835-1 035 $a000113257 035 $aUSA01000113257 035 $a(ALEPH)000113257USA01 035 $a000113257 100 $a20030221d2005----km-y0itay50------ba 101 0 $aita$aeng 102 $aIT 105 $aa|||z|||001yy 200 1 $aEconomia e geografia del turismo$el'occasione dei Geographical information system$dEconomics and geography of tourism$ethe opportunities presented by Geographical information system (GIS)$fa cura di/edited by Fiorella Dallari e Silvia Grandi 210 $aBologna$cPàtron$d2005 215 $a202 p.$cill.$d24 cm 300 $aTrad. di vari 510 1 $aEconomics and geography of tourism 606 0 $aTurismo$xImpiego [dei] Sistemi informativi geografici$2BNCF 676 $a338.47910285 702 1$aDALLARI,$bFiorella 702 1$aGRANDI,$bSilvia$f<1973- > 801 0$aIT$bsalbc$gISBD 912 $a990001132570203316 951 $aIII.1. 3544$b2337 L.G.$cIII.1.$d00229069 951 $a300 338.4 DAL$b13092 DISES 959 $aBK 969 $aUMA 969 $aDISES 979 $aMARIA$b10$c20030221$lUSA01$h1011 979 $aPATRY$b90$c20040406$lUSA01$h1718 979 $aANNAMARIA$b90$c20091013$lUSA01$h1142 979 $aANNAMARIA$b90$c20091013$lUSA01$h1349 979 $c20121027$lUSA01$h1547 979 $c20121027$lUSA01$h1602 979 $c20121027$lUSA01$h1610 996 $aEconomia e geografia del turismo$968981 997 $aUNISA DEB $aUSA16980 LEADER 03260nam 2200625 a 450 001 9910781562103321 005 20230421050607.0 010 $a1-62895-224-5 010 $a0-87013-907-X 035 $a(CKB)2550000000066152 035 $a(EBL)1768435 035 $a(SSID)ssj0000648177 035 $a(PQKBManifestationID)11381016 035 $a(PQKBTitleCode)TC0000648177 035 $a(PQKBWorkID)10611949 035 $a(PQKB)10848585 035 $a(MiAaPQ)EBC3338164 035 $a(OCoLC)301094956 035 $a(MdBmJHUP)muse12688 035 $a(Au-PeEL)EBL3338164 035 $a(CaPaEBR)ebr10514554 035 $a(OCoLC)888748211 035 $a(EXLCZ)992550000000066152 100 $a19980121d1998 uy 0 101 0 $aeng 135 $aur|n|---||||| 181 $ctxt 182 $cc 183 $acr 200 10$aWho is buried in Chaucer's tomb?$b[electronic resource] $estudies in the reception of Chaucer's book /$fJoseph A. Dane 210 $aEast Lansing $cMichigan State University Press$dc1998 215 $a1 online resource (320 p.) 300 $aDescription based upon print version of record. 311 $a0-87013-432-9 320 $aIncludes bibliographical references and index. 327 $aContents; Introduction; Chapter 1: Who is Buried in Chaucer's Tomb?; Chapter 2: Who Wrote Chaucer's Workes? : The Authority of [William Thynne?]; Chapter 3: Toward a Typographical History of Chaucer: The Blackletter Chaucer; Chapter 4: The Book and the Text: Two Studies on the Testament of Love; Chapter 5: [Chaucer's] Retraction and the Eighteenth-Century History of Printing; Chapter 6: The Reception of Chaucer's Eighteenth-Century Editors; Chapter 7: The Book and the Booklet; Chapter 8: Unbooking Chaucer: The Drama of Chaucer the Persona 327 $aChapter 9: Problems of Evidence in Modern Chaucer EditionsChapter 10: Scribes as Critics; Conclusion: Chaucerus Noster and the Fine Press Chaucer; Notes; Works Cited 330 $a Joseph A. Dane examines the history of the books we now know as ""Chaucer's""-a history that includes printers and publishers, editors, antiquarians, librarians, and book collectors. The Chaucer at issue here is not a medieval poet, securely bound within his fourteenth-century context, but rather the product of the often chaotic history of the physical books that have been produced and marketed in his name. This history involves a series of myths about Chaucer-a reformist Chaucer, a realist Chaucer, a political and critical Chaucer who seems oddly like us. It also involves more self 606 $aLiterature publishing$zGreat Britain$xHistory$y18th century 606 $aManuscripts, Medieval$zEngland$xEditing 606 $aManuscripts, English (Middle)$xEditing 606 $aPaleography, English 615 0$aLiterature publishing$xHistory 615 0$aManuscripts, Medieval$xEditing. 615 0$aManuscripts, English (Middle)$xEditing. 615 0$aPaleography, English. 676 $a821/.1 700 $aDane$b Joseph A$0923102 801 0$bMiAaPQ 801 1$bMiAaPQ 801 2$bMiAaPQ 906 $aBOOK 912 $a9910781562103321 996 $aWho is buried in Chaucer's tomb$93719645 997 $aUNINA